000 00531nam a22001697a 4500
003 OSt
005 20250709010455.0
008 250709b |||||||| |||| 00| 0 eng d
040 _aDWCL - Main lib
_cOC
082 _aCirc. 641.5 F588 2011
245 _aFlavors of my kitchen/
260 _aCalifornia :
_bNetwork for a Healthy California,
_cc2011
300 _a55 pages :
_b illustrations (chiefly color) ;
_c23 cm.
650 _a1. Cooking--California.
650 _a2. Food habits--California.
942 _2ddc
_cBK-CIRC
_kCirc.
_n0
999 _c3496
_d3496